000 01306nam0a2200301 4500
001 RU\NLR\b_ik\98064
005 20260407074717.0
010 _a5-89317-171-3
_93060
035 _a(NLR Aleph) 002172009
090 _a2667151
_c2667151
100 _a20030515d2002 |||y0rusy50 ca
101 0 _afre
102 _aRU
105 _aa |||||||||
200 1 _aExperiences de microchimie
_eModule avance d'apprentissage
_e(Manuel de l'etudiant)
_fUNESCO, Intern. union of pure a. appl. chemistry - IUPAC, Comm. on teaching of chemistry
_gPrép. par: Ms B. Bell
_gManuel éd. par: Prof. J. Bradley
210 _aM.
_cMagister press
_d2002
215 _a206 с.
_cил.
_d22
300 _aВ вып. дан.: Усовершенствованный курс для студентов: Опыты по микрохимии
517 0 _aУсовершенствованный курс для студентов: Опыты по микрохимии
606 0 _aХимический эксперимент
_92097580
_3RU\NLR\AUTH\661268988
686 4 _aГ.с
702 1 _aBell
_bB.
_4220
702 1 _aBradley
_bJ. D.
_4340
712 0 2 _4570
_8eng
_aUNESCO
_7ba
_3RU\NLR\AUTH\883675
_9278661
801 0 _aRU
_bNLR
_c20030515
_gPSBO
942 _cBOOK
980 _aNB